[Event "IX Torneo Internazionale"]
[Site "Montecatini Terme ITA"]
[Date "2003.11.12"]
[Round "6"]
[White "Piscopo, Pierluigi"]
[Black "Marzano, Carlo"]
[Result "1-0"]
[WhiteElo "2321"]
[BlackElo "2225"]
[PlyCount "97"]
[EventDate "2003.11.08"]

1. d4 Nc6 2. Nf3 d6 3. e4 Nf6 4. Nc3 Bg4 5. Bg5 h6 6. Bxf6 exf6 7. Be2 g6 8. h3
Bd7 9. Qd2 h5 10. Nd5 Bh6 11. Qd3 Kf8 12. O-O Kg7 13. Qc3 Re8 14. Bd3 Rc8 15.
Rfe1 Kg8 16. Qb3 Na5 17. Qa3 b6 18. b4 Nc6 19. Ba6 Rb8 20. Qc3 Bg7 21. a4 Kf8
22. b5 Ne7 23. Nxc7 f5 24. Nxe8 Bxe8 25. e5 d5 26. e6 f6 27. Rad1 Bh6 28. Qb4
Bf4 29. c4 dxc4 30. d5 Bd6 31. Qxc4 g5 32. Qc3 Ng6 33. Nd4 Ne7 34. Qd3 Bg6 35.
Nc6 Qc7 36. Rc1 f4 37. Qd4 Kg7 38. Nxb8 Qxb8 39. Rc6 f3 40. Rxd6 Qxd6 41. gxf3
Nf5 42. Qc4 Qa3 43. Bb7 Nh4 44. Qc7+ Kh6 45. d6 Nxf3+ 46. Bxf3 Qxf3 47. d7 Be4
48. Rxe4 Qxe4 49. d8=Q 1-0

[Event "IX Torneo Internazionale"]
[Site "Montecatini Terme ITA"]
[Date "2003.11.12"]
[Round "6"]
[White "Squarci, Franco"]
[Black "Aldrovandi, Costantino"]
[Result "1/2-1/2"]
[WhiteElo "2001"]
[BlackElo "2414"]
[PlyCount "36"]
[EventDate "2003.11.08"]

1. d4 Nf6 2. Nf3 g6 3. Bf4 Bg7 4. Nbd2 O-O 5. e3 d6 6. Bd3 Nbd7 7. h3 e5 8.
dxe5 dxe5 9. Nxe5 Nh5 10. Nxd7 Bxd7 11. Bh2 Bxb2 12. Rb1 Qf6 13. O-O Bc6 14.
Bxc7 Qg5 15. Ne4 Bxe4 16. Bxe4 Rac8 17. Rxb2 Rxc7 18. Rxb7 Rxb7 1/2-1/2

[Event "IX Torneo Internazionale"]
[Site "Montecatini Terme ITA"]
[Date "2003.11.12"]
[Round "6"]
[White "Tocchioni, Doriano"]
[Black "Jones, Gawain C.B."]
[Result "0-1"]
[WhiteElo "2199"]
[BlackElo "2364"]
[PlyCount "122"]
[EventDate "2003.11.08"]

1. d4 Nf6 2. Nf3 c5 3. d5 b5 4. c4 g6 5. cxb5 a6 6. b6 Qxb6 7. Nc3 d6 8. e4 Bg7
9. a4 O-O 10. a5 Qb4 11. Ra4 Qb7 12. h3 Bd7 13. Ra3 Bb5 14. Bd3 Nbd7 15. O-O
Rfc8 16. Re1 Bxd3 17. Qxd3 c4 18. Qe2 Nc5 19. Na4 Nd3 20. Rd1 Nd7 21. Ne1 Nxc1
22. Rxc1 Qb4 23. Nc2 Qxa5 24. Ne3 Ne5 25. Nxc4 Nxc4 26. Rxc4 Rxc4 27. Qxc4 Qe1+
28. Qf1 Qxe4 29. Nb6 Rb8 30. Re3 Qc2 31. Nc4 Bf6 32. g3 Rb4 33. Na3 Qc5 34.
Qxa6 Rxb2 35. Qa8+ Kg7 36. Qc6 Bd4 37. Rf3 Bxf2+ 38. Kh1 Bd4 39. Nc4 Rc2 40.
Qxc5 Bxc5 41. Na5 Bd4 42. Nc6 Bf6 43. Rd3 Kf8 44. h4 Rc3 45. Rxc3 Bxc3 46. Kg2
e6 47. dxe6 fxe6 48. Na7 Ke7 49. Nb5 Bb2 50. Kf3 d5 51. g4 e5 52. g5 Kd7 53.
Na7 Bd4 54. Nb5 Kc6 55. Na3 Kc5 56. Ke2 e4 57. Nc2 Be5 58. Kf2 d4 59. Ne1 d3
60. Ke3 Kd5 61. Ng2 Bg3 0-1

[Event "IX Torneo Internazionale"]
[Site "Montecatini Terme ITA"]
[Date "2003.11.13"]
[Round "7"]
[White "Aldrovandi, Costantino"]
[Black "Tocchioni, Doriano"]
[Result "0-1"]
[WhiteElo "2414"]
[BlackElo "2199"]
[PlyCount "132"]
[EventDate "2003.11.08"]

1. c4 c5 2. g3 Nc6 3. Bg2 g6 4. Nc3 Bg7 5. a3 Nh6 6. Rb1 a5 7. e4 O-O 8. d3 d6
9. Nge2 f5 10. O-O Bd7 11. Bd2 Ng4 12. f4 Kh8 13. h3 Nh6 14. Kh2 Ra6 15. Nb5
Nf7 16. Be3 Qc8 17. Bg1 e5 18. Nbc3 Nd4 19. Nxd4 exd4 20. Nd5 fxe4 21. dxe4 b5
22. Qc2 a4 23. Rfc1 Qd8 24. Bf1 bxc4 25. Bxc4 Ra7 26. Bf1 Bc6 27. Rd1 Qa8 28.
Bg2 g5 29. Rf1 Rb7 30. Kh1 gxf4 31. Rxf4 Be5 32. Rf5 Bd7 33. g4 Bxf5 34. exf5
Rb3 35. Qc4 Ng5 36. Re1 Rxb2 37. h4 Nf7 38. g5 Qd8 39. f6 Qd7 40. Qd3 Qg4 41.
Bh3 Qxh4 42. g6 hxg6 43. Ne7 Qxf6 44. Nxg6+ Kg7 45. Nxf8 Rb3 46. Ne6+ Qxe6 47.
Bxe6 Rxd3 48. Rb1 Kf6 49. Bc4 Rh3+ 50. Kg2 Rg3+ 51. Kh1 Ng5 52. Bf2 Rh3+ 53.
Kg2 Rh2+ 54. Kf1 Ne4 55. Be1 Bg3 56. Bxg3 Nxg3+ 57. Kg1 Rh1+ 58. Kg2 Rxb1 59.
Kxg3 Ke5 60. Kf2 d5 61. Bd3 Rb2+ 62. Ke1 c4 63. Bh7 d3 64. Bg6 Kd4 65. Be8 c3
66. Bxa4 Re2+ 0-1

[Event "IX Torneo Internazionale"]
[Site "Montecatini Terme ITA"]
[Date "2003.11.13"]
[Round "7"]
[White "Ivanov, Jordan"]
[Black "Piscopo, Pierluigi"]
[Result "1/2-1/2"]
[WhiteElo "2426"]
[BlackElo "2321"]
[PlyCount "49"]
[EventDate "2003.11.08"]

1. d4 Nf6 2. c4 g6 3. Nc3 Bg7 4. e4 O-O 5. Bd3 d6 6. Nge2 c5 7. d5 e6 8. O-O
exd5 9. cxd5 Na6 10. h3 Re8 11. Ng3 Rb8 12. Bf4 Nc7 13. a4 a6 14. Rb1 b5 15.
axb5 axb5 16. b4 Nh5 17. Nxh5 Bxc3 18. bxc5 gxh5 19. cxd6 Na6 20. Qxh5 Nc5 21.
Bg5 f6 22. e5 Nxd3 23. Bxf6 Rxe5 24. Qxe5 Bxe5 25. Bxd8 1/2-1/2

[Event "IX Torneo Internazionale"]
[Site "Montecatini Terme ITA"]
[Date "2003.11.13"]
[Round "7"]
[White "Jones, Gawain C.B."]
[Black "Naumkin, Igor"]
[Result "0-1"]
[WhiteElo "2364"]
[BlackElo "2401"]
[PlyCount "142"]
[EventDate "2003.11.08"]

1. e4 e5 2. Nf3 Nc6 3. Nc3 Nf6 4. Bb5 Bb4 5. O-O O-O 6. d3 Bxc3 7. bxc3 d6 8.
Re1 Bg4 9. d4 Qe7 10. h3 Bh5 11. d5 Nb8 12. g4 Bg6 13. Bd3 c6 14. c4 Nbd7 15.
Nh4 Nc5 16. Nf5 Bxf5 17. gxf5 b5 18. Bg5 h6 19. Bxf6 Qxf6 20. dxc6 b4 21. Re3
Rac8 22. a3 bxa3 23. Rxa3 a6 24. Be2 Rxc6 25. Qd5 Rb6 26. Rg3 Kh8 27. Bh5 Qh4
28. Bf3 Rb1+ 29. Kg2 Qe7 30. Bg4 Rb2 31. Bd1 Rb6 32. Rg4 Nd7 33. Qa5 Rb1 34.
Qd2 Nf6 35. Rh4 Rb6 36. Rg3 Rg8 37. Kh2 Rc6 38. Be2 Rc5 39. Rd3 Rc6 40. Ra3 Qa7
41. Kg2 Qe7 42. Rg3 Rc5 43. Kf1 a5 44. Ra3 Qd8 45. Rd3 Rc6 46. Ra3 Rc5 47. Rd3
Qe7 48. Rxd6 Ra8 49. Rd3 Rc7 50. Rg3 Qf8 51. Qc3 Rc5 52. Bd3 a4 53. Ke2 a3 54.
f4 a2 55. Rg1 Qe7 56. Qa1 Rca5 57. fxe5 Rxe5 58. Kf3 Ra3 59. Re1 Qd6 60. Kg2
Nd7 61. Rg4 f6 62. Kh1 Re7 63. Rg2 Ne5 64. Rd1 Qb6 65. c5 Qxc5 66. Qb2 Qa7 67.
Rgg1 Rb7 68. Qa1 Qe3 69. Kg2 Nxd3 70. cxd3 Qe2+ 71. Kh1 Rb2 0-1

[Event "IX Torneo Internazionale"]
[Site "Montecatini Terme ITA"]
[Date "2003.11.13"]
[Round "7"]
[White "Marzano, Carlo"]
[Black "Camerini, Lorenzo"]
[Result "1-0"]
[WhiteElo "2225"]
[BlackElo "1894"]
[PlyCount "121"]
[EventDate "2003.11.08"]

1. d4 Nf6 2. Nf3 g6 3. c4 Bg7 4. Nc3 O-O 5. e4 d6 6. Be2 e5 7. d5 a5 8. Bg5 h6
9. Bh4 Na6 10. Nd2 Qe8 11. a3 Bd7 12. b3 Nh7 13. O-O h5 14. f3 Bh6 15. Rb1 Be3+
16. Bf2 Bc5 17. Bxc5 dxc5 18. Qc2 Qe7 19. Kh1 h4 20. Rf2 f5 21. exf5 gxf5 22.
f4 e4 23. Nf1 Nf6 24. Ne3 Rae8 25. Rg1 Ng4 26. Bxg4 fxg4 27. g3 h3 28. Re1 Qh7
29. Rfe2 Qg6 30. Ned1 Rf7 31. Rxe4 Rfe7 32. Qe2 Rxe4 33. Nxe4 Kf8 34. Ndc3 Bf5
35. Qd3 Nb8 36. Re3 Qb6 37. Na4 Bxe4+ 38. Rxe4 Rxe4 39. Qxe4 Qxb3 40. Qf5+ Ke7
41. Qe6+ Kd8 42. Qf6+ Ke8 43. Qg6+ Kd8 44. Qg8+ Ke7 45. Qg7+ Ke8 46. Qe5+ Kf8
47. Qf6+ Ke8 48. Nc3 Qc2 49. Qe6+ Kd8 50. Qg8+ Kd7 51. Qxg4+ Kd8 52. Qh4+ Ke8
53. Qh8+ Kf7 54. Qh5+ Kg7 55. Qe5+ Kf8 56. Qf6+ Kg8 57. Qd8+ Kf7 58. Qxc7+ Kg6
59. Qd6+ Kg7 60. Qe7+ Kg6 61. Qe4+ 1-0

[Event "IX Torneo Internazionale"]
[Site "Montecatini Terme ITA"]
[Date "2003.11.13"]
[Round "7"]
[White "Passerotti, Pierluigi"]
[Black "Mrdja, Milan"]
[Result "1-0"]
[WhiteElo "2295"]
[BlackElo "2387"]
[PlyCount "55"]
[EventDate "2003.11.08"]

1. d4 g6 2. c4 Bg7 3. Nc3 d6 4. e4 Nc6 5. Nge2 e5 6. Be3 exd4 7. Nxd4 Nge7 8.
Be2 O-O 9. O-O a6 10. Rc1 Bd7 11. h3 f5 12. exf5 Nxf5 13. Nxf5 gxf5 14. Qd2 Kh8
15. Nd5 b6 16. Rfe1 Rg8 17. Bg5 Qc8 18. Nf6 Rf8 19. Nh5 Be5 20. f4 Bd4+ 21. Kh2
Be8 22. Bf3 Bxh5 23. Bxc6 Bg7 24. Bxa8 Qxa8 25. Re7 h6 26. Bh4 Qc6 27. b3 Rf7
28. Qd5 1-0

[Event "IX Torneo Internazionale"]
[Site "Montecatini Terme ITA"]
[Date "2003.11.13"]
[Round "7"]
[White "Sciortino, Massimo"]
[Black "Squarci, Franco"]
[Result "1-0"]
[WhiteElo "2192"]
[BlackElo "2001"]
[PlyCount "55"]
[EventDate "2003.11.08"]

1. e4 c5 2. f4 e5 3. Nf3 exf4 4. Bc4 Nc6 5. O-O d6 6. Nc3 Be6 7. d3 Bxc4 8.
dxc4 g5 9. g3 g4 10. Nh4 f3 11. Nf5 Nd4 12. Nxd4 cxd4 13. Qxd4 Qb6 14. Qxb6
axb6 15. Nd5 Rc8 16. Nxb6 Rc6 17. Be3 Bh6 18. Bd4 f6 19. b3 Kf7 20. h3 Ne7 21.
Nd5 Nxd5 22. exd5 Rc7 23. hxg4 f2+ 24. Rxf2 Bg5 25. Bxf6 Bxf6 26. Raf1 Rg8 27.
Rxf6+ Ke7 28. Rf7+ 1-0

[Event "IX Torneo Internazionale"]
[Site "Montecatini Terme ITA"]
[Date "2003.11.13"]
[Round "8"]
[White "Camerini, Lorenzo"]
[Black "Ivanov, Jordan"]
[Result "0-1"]
[WhiteElo "1894"]
[BlackElo "2426"]
[PlyCount "58"]
[EventDate "2003.11.08"]

1. c4 e5 2. Nc3 Nf6 3. g3 d5 4. cxd5 Nxd5 5. Bg2 Ne7 6. Nf3 Nbc6 7. O-O g6 8.
d3 Bg7 9. a3 O-O 10. Bd2 a5 11. Rb1 Nd4 12. b4 axb4 13. axb4 Bg4 14. Nxd4 exd4
15. Ne4 b6 16. h3 Be6 17. b5 h6 18. Bb4 Re8 19. Bxe7 Qxe7 20. Rb2 Ra5 21. Nd2
Bd7 22. Qb1 Qg5 23. Nf3 Qf5 24. Rc1 Rxb5 25. Rxc7 Rxe2 26. Rxb5 Bxb5 27. g4
Qxd3 28. Qxd3 Bxd3 29. Rd7 Rb2 0-1

[Event "IX Torneo Internazionale"]
[Site "Montecatini Terme ITA"]
[Date "2003.11.13"]
[Round "8"]
[White "Jones, Gawain C.B."]
[Black "Aldrovandi, Costantino"]
[Result "1/2-1/2"]
[WhiteElo "2364"]
[BlackElo "2414"]
[PlyCount "75"]
[EventDate "2003.11.08"]

1. e4 c5 2. Nf3 d6 3. c3 Nf6 4. Be2 g6 5. O-O Bg7 6. Bb5+ Nbd7 7. Re1 O-O 8. d4
a6 9. Bf1 e5 10. Bg5 h6 11. Bh4 b6 12. Nbd2 Bb7 13. Nc4 Qc7 14. dxe5 dxe5 15.
Qd6 Qxd6 16. Nxd6 Bc6 17. a4 g5 18. Bg3 Nh5 19. b3 Nf4 20. Rad1 Ra7 21. Bc4 Nb8
22. h4 g4 23. Nh2 Bd7 24. Bxf4 exf4 25. e5 Be6 26. Bxe6 fxe6 27. Nxg4 Nc6 28.
h5 Rd7 29. Nc4 Rxd1 30. Rxd1 b5 31. axb5 axb5 32. Na3 Rb8 33. Rd6 Nxe5 34. Nxe5
Bxe5 35. Rxe6 Bxc3 36. Rxh6 b4 37. Nc4 Re8 38. Rg6+ 1/2-1/2

[Event "IX Torneo Internazionale"]
[Site "Montecatini Terme ITA"]
[Date "2003.11.13"]
[Round "8"]
[White "Mrdja, Milan"]
[Black "Marzano, Carlo"]
[Result "1-0"]
[WhiteElo "2387"]
[BlackElo "2225"]
[PlyCount "143"]
[EventDate "2003.11.08"]

1. e4 Nc6 2. Nf3 d6 3. d4 Nf6 4. Nbd2 Bg4 5. c3 e6 6. h3 Bh5 7. Bd3 Be7 8. Qc2
d5 9. e5 Nd7 10. O-O Bg6 11. Ne1 Nb6 12. f4 Bxd3 13. Nxd3 f5 14. exf6 gxf6 15.
Qd1 h5 16. Qe2 Qd7 17. Nb3 Na4 18. Re1 Kf7 19. Nd2 Rag8 20. Nf3 Nb6 21. a4 Bd6
22. Qf2 Ne7 23. Nfe5+ Bxe5 24. fxe5 f5 25. Qh4 Rg6 26. Bg5 Nbc8 27. Re3 Qe8 28.
Bf6 Rh7 29. b3 Qg8 30. Nf4 Ke8 31. Rf1 Kd7 32. Bxe7 Nxe7 33. Nxg6 Nxg6 34. Rg3
f4 35. Rxf4 Nxh4 36. Rxg8 Nf5 37. Rg5 h4 38. Kf2 Ng3 39. Kf3 Ne4 40. Rgg4 Nxc3
41. Rxh4 Rg7 42. Rhg4 Rh7 43. h4 b6 44. Ke3 c5 45. Kd3 Na2 46. dxc5 bxc5 47. g3
Nc1+ 48. Kc2 Na2 49. Kb2 Nb4 50. Rxb4 cxb4 51. Rxb4 Rh5 52. Rb7+ Kc6 53. Rxa7
Rxe5 54. Rf7 Re2+ 55. Ka3 Re3 56. Rf1 Rxg3 57. Rh1 Rg6 58. h5 Rh6 59. Kb4 e5
60. Kc3 Kd7 61. b4 Rc6+ 62. Kb3 Rh6 63. b5 Kd6 64. Kb4 e4 65. a5 e3 66. Kc3 Kc5
67. b6 Kc6 68. Kd3 d4 69. Rb1 Kb7 70. a6+ Kb8 71. a7+ Kb7 72. Ra1 1-0

[Event "IX Torneo Internazionale"]
[Site "Montecatini Terme ITA"]
[Date "2003.11.13"]
[Round "8"]
[White "Squarci, Franco"]
[Black "Passerotti, Pierluigi"]
[Result "0-1"]
[WhiteElo "2001"]
[BlackElo "2295"]
[PlyCount "74"]
[EventDate "2003.11.08"]

1. d4 f5 2. g3 Nf6 3. Bg2 c6 4. c4 d6 5. Qb3 g6 6. Nf3 Bg7 7. O-O O-O 8. Nc3
Na6 9. e3 Kh8 10. a3 Qe8 11. Ne2 e5 12. Qc2 e4 13. Nd2 Bd7 14. Rb1 Nc7 15. b4
Rc8 16. Bb2 g5 17. Rfe1 d5 18. c5 Ng4 19. Nf1 Ne6 20. h3 Nf6 21. Nh2 Qh5 22.
Qd1 Qh6 23. Kf1 Be8 24. Ng1 Bh5 25. g4 fxg4 26. Nxg4 Bxg4 27. hxg4 Qh4 28. Nh3
Nxg4 29. Re2 Nh2+ 30. Kg1 Nf3+ 31. Kf1 g4 32. Nf4 Rxf4 33. exf4 Nxf4 34. Bxf3
gxf3 35. Ke1 fxe2 36. Qb3 Qh1+ 37. Kd2 Qxb1 0-1

[Event "IX Torneo Internazionale"]
[Site "Montecatini Terme ITA"]
[Date "2003.11.13"]
[Round "8"]
[White "Tocchioni, Doriano"]
[Black "Sciortino, Massimo"]
[Result "1-0"]
[WhiteElo "2199"]
[BlackElo "2192"]
[PlyCount "73"]
[EventDate "2003.11.08"]

1. Nf3 f5 2. d4 e6 3. Bg5 Be7 4. h4 Nf6 5. Nbd2 d5 6. Ne5 Nbd7 7. e3 Nxe5 8.
dxe5 Nd7 9. Bf4 O-O 10. g4 g6 11. g5 Rf7 12. Qf3 c6 13. Be2 Qc7 14. h5 Nf8 15.
Qh3 b6 16. O-O-O Rg7 17. Rh2 Bb7 18. Rdh1 c5 19. hxg6 hxg6 20. Qh8+ Kf7 21. Rh6
d4 22. R1h2 dxe3 23. fxe3 Rd8 24. Nc4 Bd5 25. Nd6+ Rxd6 26. exd6 Bxd6 27. Rh7
Nxh7 28. Rxh7 Rxh7 29. Qxh7+ Ke8 30. Qxc7 Bxc7 31. Bxc7 Kd7 32. Be5 Kc6 33. Bh5
f4 34. Bxg6 fxe3 35. Be8+ Kb7 36. g6 Be4 37. g7 1-0

[Event "IX Torneo Internazionale"]
[Site "Montecatini Terme ITA"]
[Date "2003.11.14"]
[Round "9"]
[White "Aldrovandi, Costantino"]
[Black "Naumkin, Igor"]
[Result "0-1"]
[WhiteElo "2414"]
[BlackElo "2401"]
[PlyCount "54"]
[EventDate "2003.11.08"]

1. c4 e5 2. g3 Nf6 3. Bg2 c6 4. d4 exd4 5. Qxd4 d5 6. cxd5 cxd5 7. Nf3 Nc6 8.
Qd1 Bc5 9. O-O O-O 10. Nbd2 h6 11. Nb3 Bb6 12. Bf4 Re8 13. Rc1 Bg4 14. h3 Bh5
15. g4 Bg6 16. Nfd4 Rc8 17. e3 Ne4 18. Nxc6 bxc6 19. Nd4 Qf6 20. b4 a5 21. bxa5
Bxa5 22. Qa4 c5 23. Bxe4 Bxe4 24. Nb5 Ra8 25. Nd6 Re6 26. Rxc5 Rxd6 27. Bxd6
Qf3 0-1

[Event "IX Torneo Internazionale"]
[Site "Montecatini Terme ITA"]
[Date "2003.11.14"]
[Round "9"]
[White "Ivanov, Jordan"]
[Black "Mrdja, Milan"]
[Result "1/2-1/2"]
[WhiteElo "2426"]
[BlackElo "2387"]
[PlyCount "26"]
[EventDate "2003.11.08"]

1. d4 d5 2. Nf3 Nc6 3. c4 Bg4 4. cxd5 Bxf3 5. gxf3 Qxd5 6. e3 e5 7. Nc3 Bb4 8.
Bd2 Bxc3 9. bxc3 Qd6 10. Qb3 O-O-O 11. Rb1 b6 12. Bg2 f5 13. O-O Nge7 1/2-1/2

[Event "IX Torneo Internazionale"]
[Site "Montecatini Terme ITA"]
[Date "2003.11.14"]
[Round "9"]
[White "Marzano, Carlo"]
[Black "Squarci, Franco"]
[Result "1-0"]
[WhiteElo "2225"]
[BlackElo "2001"]
[PlyCount "49"]
[EventDate "2003.11.08"]

1. d4 Nf6 2. Nf3 d5 3. Bg5 Ne4 4. Bf4 c6 5. Nbd2 Qa5 6. e3 Nd7 7. Be2 Ndf6 8.
O-O Bg4 9. Nb3 Qb6 10. Ne5 Bxe2 11. Qxe2 e6 12. c4 dxc4 13. Nxc4 Qd8 14. Nba5
Qc8 15. f3 g5 16. Be5 b5 17. fxe4 bxc4 18. Bxf6 Rg8 19. Rac1 Qc7 20. Qxc4 Rc8
21. Nxc6 Bd6 22. e5 Bf8 23. Qb5 Qb6 24. Nb8+ Rc6 25. Rxc6 1-0

[Event "IX Torneo Internazionale"]
[Site "Montecatini Terme ITA"]
[Date "2003.11.14"]
[Round "9"]
[White "Piscopo, Pierluigi"]
[Black "Camerini, Lorenzo"]
[Result "1-0"]
[WhiteElo "2321"]
[BlackElo "1894"]
[PlyCount "57"]
[EventDate "2003.11.08"]

1. d4 Nf6 2. Nf3 g6 3. Nc3 Bg7 4. e4 d6 5. Be3 O-O 6. Qd2 c6 7. Bh6 b5 8. Bd3
Re8 9. Bxg7 Kxg7 10. e5 dxe5 11. dxe5 Nd5 12. O-O-O b4 13. Nxd5 Qxd5 14. Qxb4
Nd7 15. Bc4 Qc5 16. Qxc5 Nxc5 17. Nd4 Bb7 18. b4 Na4 19. Bb3 Nb6 20. c4 Red8
21. Kb2 a5 22. bxa5 Nd7 23. a6 Rxa6 24. c5 Kf8 25. Nf3 e6 26. Rd6 Ke7 27. Rhd1
Rda8 28. Ng5 h6 29. Nxf7 1-0

[Event "IX Torneo Internazionale"]
[Site "Montecatini Terme ITA"]
[Date "2003.11.14"]
[Round "9"]
[White "Sciortino, Massimo"]
[Black "Jones, Gawain C.B."]
[Result "0-1"]
[WhiteElo "2192"]
[BlackElo "2364"]
[PlyCount "104"]
[EventDate "2003.11.08"]

1. e4 c5 2. Nf3 g6 3. d4 cxd4 4. Nxd4 Nf6 5. Nc3 d6 6. Be3 Bg7 7. f3 Nc6 8. Qd2
O-O 9. Bc4 Bd7 10. O-O-O Rb8 11. h4 Na5 12. Bb3 b5 13. h5 Nc4 14. Bxc4 bxc4 15.
hxg6 fxg6 16. Bh6 Qa5 17. Bxg7 Kxg7 18. Qh6+ Kf7 19. Nde2 Qb4 20. Qf4 Ke8 21.
Qe3 Qxb2+ 22. Kd2 Qb6 23. Qh6 Qf2 24. Qg5 Kf7 25. Nd5 c3+ 26. Ndxc3 Rfc8 27.
Qe3 Qxe3+ 28. Kxe3 Rc5 29. Rb1 Rbc8 30. Kd2 Be6 31. Rb7 a5 32. a4 d5 33. e5 d4
34. exf6 dxc3+ 35. Ke1 Kxf6 36. Rxh7 Re5 37. Kf2 Bg8 38. Rh4 g5 39. Rd4 Bh7 40.
f4 gxf4 41. Nxf4 Bxc2 42. Nd5+ Rxd5 43. Rxd5 Bb3 44. Rb6+ e6 45. Rdd6 c2 46.
Rdc6 Bc4 47. Rxc8 c1=Q 48. Rbc6 Qd2+ 49. Kg1 Bd5 50. Rc2 Qe1+ 51. Kh2 Qh4+ 52.
Kg1 Qxa4 0-1

[Event "IX Torneo Internazionale"]
[Site "Montecatini Terme ITA"]
[Date "2003.11.15"]
[Round "10"]
[White "Aldrovandi, Costantino"]
[Black "Sciortino, Massimo"]
[Result "0-1"]
[WhiteElo "2414"]
[BlackElo "2192"]
[PlyCount "52"]
[EventDate "2003.11.08"]

1. c4 e5 2. g3 d6 3. Bg2 f5 4. Nc3 Nf6 5. d4 e4 6. Bg5 Be7 7. e3 c6 8. Nge2
Nbd7 9. Nf4 Kf7 10. O-O h6 11. Bxf6 Nxf6 12. b4 g5 13. Nh5 g4 14. Nxf6 Bxf6 15.
a4 h5 16. Qb3 h4 17. Ne2 d5 18. Nf4 h3 19. Bh1 Be6 20. c5 b6 21. Rfb1 Rb8 22.
Qd1 bxc5 23. bxc5 Qa5 24. Rxb8 Rxb8 25. Rb1 Rxb1 26. Qxb1 Qxa4 0-1

[Event "IX Torneo Internazionale"]
[Site "Montecatini Terme ITA"]
[Date "2003.11.15"]
[Round "10"]
[White "Jones, Gawain C.B."]
[Black "Passerotti, Pierluigi"]
[Result "1-0"]
[WhiteElo "2364"]
[BlackElo "2295"]
[PlyCount "57"]
[EventDate "2003.11.08"]

1. e4 c5 2. Nf3 d6 3. c3 Nf6 4. Be2 e5 5. O-O Be7 6. Bb5+ Nbd7 7. Re1 a6 8. Bf1
O-O 9. h3 b5 10. d4 Bb7 11. d5 c4 12. b3 cxb3 13. axb3 Rc8 14. Bb2 g6 15. Nbd2
Nh5 16. b4 Nb6 17. Nb3 Na4 18. Rxa4 bxa4 19. Na5 Qd7 20. c4 Bd8 21. c5 Bxa5 22.
c6 Bxc6 23. dxc6 Qxc6 24. bxa5 Nf4 25. Qa1 Rb8 26. Bxe5 dxe5 27. Nxe5 Qb7 28.
Ng4 Nh5 29. Nh6# 1-0

[Event "IX Torneo Internazionale"]
[Site "Montecatini Terme ITA"]
[Date "2003.11.15"]
[Round "10"]
[White "Mrdja, Milan"]
[Black "Piscopo, Pierluigi"]
[Result "1/2-1/2"]
[WhiteElo "2387"]
[BlackElo "2321"]
[PlyCount "36"]
[EventDate "2003.11.08"]

1. Nf3 c5 2. g3 Nc6 3. Bg2 g6 4. O-O Bg7 5. c4 Nf6 6. d4 cxd4 7. Nxd4 O-O 8.
Nc3 Nxd4 9. Qxd4 d6 10. Qh4 Re8 11. Bg5 Qa5 12. Rac1 Be6 13. b3 Qb4 14. Rfd1 a6
15. Nd5 Nxd5 16. Bxd5 Bxd5 17. Rxd5 e6 18. Rdd1 b5 1/2-1/2

[Event "IX Torneo Internazionale"]
[Site "Montecatini Terme ITA"]
[Date "2003.11.15"]
[Round "10"]
[White "Naumkin, Igor"]
[Black "Camerini, Lorenzo"]
[Result "1/2-1/2"]
[WhiteElo "2401"]
[BlackElo "1894"]
[PlyCount "51"]
[EventDate "2003.11.08"]

1. d4 Nf6 2. Nf3 g6 3. c4 Bg7 4. Nc3 O-O 5. e4 d6 6. Be2 e5 7. d5 a5 8. Bg5 h6
9. Bh4 Na6 10. O-O Qe8 11. Nd2 Nh7 12. a3 Bd7 13. b3 h5 14. f3 Bh6 15. Rb1 Be3+
16. Kh1 Bc5 17. Qc1 Kh8 18. Na2 g5 19. Be1 f5 20. b4 axb4 21. axb4 Be3 22. exf5
Bxf5 23. Rb3 Bd4 24. Nc3 Nf6 25. Nb5 Bb6 26. Bf2 1/2-1/2

[Event "IX Torneo Internazionale"]
[Site "Montecatini Terme ITA"]
[Date "2003.11.15"]
[Round "10"]
[White "Squarci, Franco"]
[Black "Ivanov, Jordan"]
[Result "1/2-1/2"]
[WhiteElo "2001"]
[BlackElo "2426"]
[PlyCount "48"]
[EventDate "2003.11.08"]

1. Nf3 Nf6 2. g3 g6 3. Bg2 Bg7 4. O-O O-O 5. d4 d5 6. c4 c6 7. cxd5 cxd5 8. Nc3
Nc6 9. Ne5 e6 10. f4 Nd7 11. Be3 Ndxe5 12. fxe5 f6 13. exf6 Rxf6 14. Qd2 Bd7
15. Rxf6 Qxf6 16. Rf1 Qe7 17. Bf2 Rf8 18. e4 Rxf2 19. Rxf2 Bxd4 20. exd5 Bxf2+
21. Qxf2 exd5 22. Nxd5 Qf7 23. Nf6+ Kg7 24. Nxd7 Qxd7 1/2-1/2

[Event "IX Torneo Internazionale"]
[Site "Montecatini Terme ITA"]
[Date "2003.11.15"]
[Round "10"]
[White "Tocchioni, Doriano"]
[Black "Marzano, Carlo"]
[Result "0-1"]
[WhiteElo "2199"]
[BlackElo "2225"]
[PlyCount "72"]
[EventDate "2003.11.08"]

1. Nf3 g6 2. d4 Bg7 3. c4 d6 4. Nc3 e5 5. e4 exd4 6. Nxd4 Nc6 7. Be3 Nge7 8.
Be2 O-O 9. h4 f5 10. h5 f4 11. Nxc6 bxc6 12. Bd4 Bxd4 13. Qxd4 c5 14. Qd2 g5
15. O-O-O Be6 16. h6 Nc6 17. g3 Nd4 18. Nb5 Nc6 19. Rh5 a6 20. Qc3 Rf7 21. gxf4
axb5 22. Rxg5+ Kf8 23. Rxc5 b4 24. Qe3 Rxa2 25. Rxc6 Bd7 26. Rdxd6 Ra1+ 27. Kd2
cxd6 28. Rxd6 Qa5 29. Rd5 Qa7 30. c5 Qc7 31. f5 Bc6 32. Rd6 Rd7 33. e5 Qa5 34.
Qg5 b3+ 35. Ke3 Qxc5+ 36. Kf4 Qxf2+ 0-1

[Event "IX Torneo Internazionale"]
[Site "Montecatini Terme ITA"]
[Date "2003.11.16"]
[Round "11"]
[White "Camerini, Lorenzo"]
[Black "Mrdja, Milan"]
[Result "1/2-1/2"]
[WhiteElo "1894"]
[BlackElo "2387"]
[PlyCount "26"]
[EventDate "2003.11.08"]

1. e4 e5 2. Nf3 Nc6 3. Bb5 a6 4. Ba4 Nf6 5. O-O Be7 6. Re1 b5 7. Bb3 d6 8. c3
O-O 9. h3 Na5 10. Bc2 c5 11. d4 Qc7 12. Nbd2 Re8 13. Nf1 Bf8 1/2-1/2

[Event "IX Torneo Internazionale"]
[Site "Montecatini Terme ITA"]
[Date "2003.11.16"]
[Round "11"]
[White "Marzano, Carlo"]
[Black "Jones, Gawain C.B."]
[Result "0-1"]
[WhiteElo "2225"]
[BlackElo "2364"]
[PlyCount "54"]
[EventDate "2003.11.08"]

1. d4 Nf6 2. Nf3 c5 3. c3 b6 4. Bg5 e6 5. e3 Be7 6. Nbd2 Bb7 7. Bd3 O-O 8. O-O
d6 9. Qe2 Nbd7 10. e4 cxd4 11. cxd4 h6 12. Bh4 Nh5 13. Bxe7 Qxe7 14. Ba6 Nf4
15. Qb5 Bxa6 16. Qxa6 e5 17. g3 Ne6 18. Qd3 Rfe8 19. Rfe1 Rac8 20. dxe5 Nxe5
21. Nxe5 dxe5 22. Nb3 Red8 23. Qe2 a5 24. Rad1 a4 25. Rxd8+ Rxd8 26. Na1 Qb4
27. b3 Nd4 0-1

[Event "IX Torneo Internazionale"]
[Site "Montecatini Terme ITA"]
[Date "2003.11.16"]
[Round "11"]
[White "Passerotti, Pierluigi"]
[Black "Aldrovandi, Costantino"]
[Result "1/2-1/2"]
[WhiteElo "2295"]
[BlackElo "2414"]
[PlyCount "23"]
[EventDate "2003.11.08"]

1. d4 Nf6 2. c4 g6 3. Nc3 Bg7 4. Nf3 O-O 5. g3 d6 6. Bg2 c5 7. O-O Nc6 8. d5
Na5 9. Nd2 a6 10. Qc2 Rb8 11. b3 b5 12. Bb2 1/2-1/2

[Event "IX Torneo Internazionale"]
[Site "Montecatini Terme ITA"]
[Date "2003.11.16"]
[Round "11"]
[White "Piscopo, Pierluigi"]
[Black "Squarci, Franco"]
[Result "1-0"]
[WhiteElo "2321"]
[BlackElo "2001"]
[PlyCount "101"]
[EventDate "2003.11.08"]

1. d4 d5 2. c4 Nc6 3. e3 Bf5 4. a3 Bxb1 5. Rxb1 e6 6. Nf3 Nf6 7. Qb3 Rb8 8. c5
a6 9. Qc2 Be7 10. b4 O-O 11. Bd3 g6 12. Bb2 Nd7 13. e4 Nf6 14. e5 Nh5 15. O-O
Nf4 16. Rfe1 Nxd3 17. Qxd3 Bg5 18. Bc3 Bh6 19. Bd2 Bxd2 20. Qxd2 Ne7 21. h3 Kg7
22. Nh2 h5 23. Nf3 Nf5 24. Qf4 Rh8 25. g3 Qe7 26. Rb3 Rbg8 27. Rd3 Kf8 28. Ng5
c6 29. Rf3 Ke8 30. Rd1 Rf8 31. a4 Nh6 32. Rb1 Nf5 33. h4 Kd7 34. b5 cxb5 35.
axb5 axb5 36. Rxb5 Kc7 37. Qd2 Ra8 38. Rfb3 Rhb8 39. Qb2 Kc8 40. c6 Ra7 41. Nh7
Qc7 42. Nf6 Ne7 43. Ne8 Nxc6 44. Nxc7 Kxc7 45. Rf3 Rf8 46. Qc1 Ra4 47. Qc5 Ra1+
48. Kg2 Rd8 49. Rxf7+ Kc8 50. Rbxb7 Rg1+ 51. Kxg1 1-0